Die Schriften uber Sich Selbst

Αποθηκεύτηκε σε:
Λεπτομέρειες βιβλιογραφικής εγγραφής
Κύριος συγγραφέας: Kierkegaard, Soren 1813-1855
Άλλοι συγγραφείς: Hirsch, Emanuel, 1888-1972 (Επιμελητής έκδοσης)
Μορφή: Βιβλίο
Γλώσσα:German
Δημοσίευση: Dusseldorf; Koln : Eugen Diederichs, [1964]
Θέματα:
Ετικέτες: Προσθήκη ετικέτας
Δεν υπάρχουν, Καταχωρήστε ετικέτα πρώτοι!

MARC

LEADER 00000cam a2200000 i 4500
001 1/30759
008 060602s1964 ger d
035 |l 10084231 
040 |a GR-MY-UA  |b gre  |e aacr 
041 0 |a ger 
082 0 |a 198.9  |2 (22) 
100 1 |a Kierkegaard, Soren  |d 1813-1855. 
245 1 4 |a Die Schriften uber Sich Selbst /  |c Soren Kierkegaard ; [ubersetzt von Emanuel Hirsch] 
260 |a Dusseldorf; Koln :   |b Eugen Diederichs,   |c [1964] 
300 |a xiv, 172 σ.;  |c 21 εκ. 
600 1 0 |a Kierkegaard Soren  |d 1813-1855. 
700 1 |a Hirsch, Emanuel,   |d 1888-1972.  |4 edt 
852 |a INST  |b RHODES  |c KRI  |e 20060602  |h  198.9 KIE  |p 005400020797  |q 005400020797  |t BK  |y 0 
901 |a BIBL4-2006-2 
909 |a Ρ  |b 123523 
970 |a ΚΟΖΑ  |b ΜΑΡΙΑ  |z 2006/06/02